000 00890nam a2200253Ia 4500
003 OSt
005 20250627113025.0
008 191128s1997 ck er 000 p spa d
020 _a9583001090
040 _aCO-JMCR
_cCO-JMCR
041 _aspa
082 0 4 _aA-P
_bDARa
100 1 _aDarío, Rubén,
_d1987-1916
_eautor
_98765
245 1 0 _aAzul /
_cRubén Darío
250 _aSegunda edición
260 _aBogotá
260 _bPanamericana
260 _c1997
300 _a120 páginas :
_c 20 cm.
490 _aPoesía letras latinoamericanas
520 _aTanto los cuentos breves como lo poemas que el escritor nicaragüense Ruben Darío presenta en este poemario llamado Azul, giran en torno a la busqueda de un elemento que como la libertad de un elemento que como la libertad permite a la literatura americana
650 1 4 _aPoesía nicaragüense
_98766
942 _2ddc
_cBK
999 _c3596
_d3596